000 00340pam a2200157a 44500
008 230515b2009 xxu||||| |||| 00| 0 eng d
020 _aNULL
041 _aENGLISH
082 _a621.31 SAR
100 _aSARMA MULUKUTIA
245 _aELECTRIC MACHINES
250 _a1
260 _aDELHI
_bNA
_c2009
300 _a687
650 _aNULL
999 _c640242
_d640242